Marine auxiliary machinery (Record no. 1863)

000 -LEADER
fixed length control field 00370nam a22001457a 4500
008 - FIXED-LENGTH DATA ELEMENTS--GENERAL INFORMATION
fixed length control field 200205b ||||| |||| 00| 0 eng d
082 00 - DEWEY DECIMAL CLASSIFICATION NUMBER
Classification number 623.8501
Item number M727
100 ## - MAIN ENTRY--PERSONAL NAME
9 (RLIN) 1476
Personal name Mollow, E.
245 10 - TITLE STATEMENT
Title Marine auxiliary machinery
260 ## - PUBLICATION, DISTRIBUTION, ETC. (IMPRINT)
Place of publication, distribution, etc New York
Name of publisher, distributor, etc George Newnes Ltd
Date of publication, distribution, etc 1952
300 ## - PHYSICAL DESCRIPTION
Extent 320p.
365 ## - TRADE PRICE
Unit of pricing 24.01
650 #0 - SUBJECT ADDED ENTRY--TOPICAL TERM
Topical term or geographic name as entry element Marine Engines
942 ## - ADDED ENTRY ELEMENTS (KOHA)
Item type Books
Holdings
Withdrawn status Lost status Source of classification or shelving scheme Damaged status Not for loan Permanent location Current location Date acquired Source of acquisition Full call number Barcode Date last seen Koha item type
          IMU Kolkata IMU Kolkata 1953-02-25 A. H. Wheeler 623.8501 M727 01576 2020-02-05 Books
          IMU Kolkata IMU Kolkata 1953-02-25 A. H. Wheeler 623.8501 M727 01577 2020-02-05 Books
          IMU Kolkata IMU Kolkata 1953-02-25 A. H. Wheeler 623.8501 M727 01578 2020-02-05 Books
Designed and Maintained by IMU-KC Library, Kolkata Campus © Copyright All Rights Reserved

webs counters

Powered by Koha